2002-03 Premier League Final Table - Statistics

General Stats
  • This quiz has been taken 10 times
  • The average score is 11 of 20
Answer Stats
Position Team Won Drew Lost GF/GA GD Points % Correct
1 Manchester United 25 8 5 74/34 40 83
100%
2 Arsenal 23 9 6 85/42 43 78
88%
4 Chelsea 19 10 9 68/38 30 67
88%
7 Everton 17 8 13 48/49 -1 59
75%
5 Liverpool 18 10 10 61/41 20 64
75%
9 Manchester City 15 6 17 47/54 -7 51
63%
3 Newcastle United 21 6 11 63/48 15 69
63%
10 Tottenham Hotspur 14 8 16 51/62 -11 50
63%
16 Aston Villa 12 9 17 42/47 -5 45
50%
6 Blackburn Rovers 16 12 10 52/43 9 60
50%
17 Bolton Wanderers 10 14 14 41/51 -10 44
50%
14 Fulham 13 9 16 41/50 -9 48
50%
8 Southampton 13 13 12 43/46 -3 52
50%
18 West Ham United 10 12 16 42/59 -17 42
50%
12 Charlton Athletic 14 7 17 45/46 -11 49
38%
15 Leeds United 14 5 19 58/57 1 47
38%
20 Sunderland 4 7 27 21/65 -44 19
38%
19 West Bromwich Albion 6 8 24 29/65 -36 26
38%
13 Birmingham City 13 9 16 41/49 -8 48
25%
11 Middlesbrough 13 10 15 48/44 4 49
25%
No matching quizzes found
Score Distribution
Percent of People with Each Score
Percentile by Number Answered
Your Score History
You have not taken this quiz